Un viaje a Egipto
Na minha lista:
| Autor principal: | |
|---|---|
| Formato: | Livro |
| Idioma: | espanhol |
| Publicado em: |
Santiago
Universidad de Chile
1931
|
| Edição: | 1a. ed |
| Assuntos: | |
| Tags: |
Adicionar Tag
Sem tags, seja o primeiro a adicionar uma tag!
|
MARC
| LEADER | 00000nam a2200000 a 4500 | ||
|---|---|---|---|
| 001 | UCJ5400 | ||
| 003 | CL-VaPUC | ||
| 008 | 070124e19311009CL |||||||||||||||||spa|d | ||
| 082 | 0 | 4 | |a 910.4 |b ORR |2 21 |
| 100 | |a Orrego Barros, Carlos |e autor |9 538563 | ||
| 245 | 1 | 3 | |a Un viaje a Egipto |
| 250 | |a 1a. ed | ||
| 300 | |a 286 p | ||
| 942 | |c BK | ||
| 945 | |d 20070124 00:00:00 |a rinostro | ||
| 260 | |a Santiago |b Universidad de Chile |c 1931 | ||
| 500 | |a Donación Padres Capuchinos | ||
| 650 | 0 | |a Viajes |9 257115 | |
| 650 | 0 | |a Turismo |9 308920 | |
| 650 | 0 | |a Arqueología |9 265619 | |
| 650 | 0 | |a Cultura |9 269059 | |
| 651 | 0 | |a Egipto |9 268199 | |
| 583 | |a last modification |c 20070124 00:00:00 |k Rodrigo Vera | ||
| 999 | |c 321509 |d 321507 | ||
| 952 | |0 0 |1 0 |4 0 |6 910_400000000000000_ORR_1931 |7 0 |8 X |9 400275 |a FDOBUD |b FDOBUD |d 2019-11-22 |i 1034200 |o 910.4 ORR 1931 |p 1034200 |r 2019-11-22 |w 2019-11-22 |y BK_X |k BUD | ||
| 952 | |0 0 |1 0 |4 0 |6 910_400000000000000_ORR_1931 |7 0 |8 X |9 400276 |a FDOBUD |b FDOBUD |d 2019-11-22 |i 4401972 |o 910.4 ORR 1931 |p 4401972 |r 2019-11-22 |w 2019-11-22 |y BK_X |k BUD | ||